00891nam a22002417a 4500999001500000001000500015003000900020005001700029008004100046020002800087040002800115082001900143100002200162245008800184260003700272300004100309490004400350504005100394650005300445700002200498942001200520952011700532 c5741d57416607BD-DhUAP20201220160512.0201220s2002 flua bf 001 0 eng  a0849395887 (alk. paper) aDLCcDLCdBD-DhUAPbEng00223a628.53 SCH1 aSchnelle, Karl B.10aAir pollution control technology handbook /cKarl B. Schnelle and Charles A. Brown. aBoca Raton :bCRC Press,cc2002. a386 pages :billustrations ;c25 cm. aMechanical engineering handbook series. aIncludes bibliographical references and index. 0aAir quality managementvHandbooks, manuals, etc.1 aBrown, Charles A. 2ddccBK 00102ddc4070aUAPCLbUAPCLcGeneral Stacksd2020-12-20o628.53 SCHp3010006607r2020-12-20t1w2020-12-20yBK